Платежный баланс России в посткризисный период; Прогрессивные технологии и экономика в машиностроении

Dettagli Bibliografici
Parent link:Прогрессивные технологии и экономика в машиностроении.— 2013.— [С. 376-379]
Autore principale: Тамбовцева В. Е.
Ente Autore: Национальный исследовательский Томский политехнический университет (ТПУ) Юргинский технологический институт (филиал) (ЮТИ) Кафедра экономики и автоматизации систем управления (ЭАСУ)
Altri autori: Соловенко И. С. Игорь Сергеевич (научный руководитель)
Riassunto:Заглавие с экрана
Lingua:russo
Pubblicazione: 2013
Serie:Экономика, менеджмент и маркетинг на предприятии
Soggetti:
Accesso online:http://www.lib.tpu.ru/fulltext/c/2013/C57/171.pdf
Natura: MixedMaterials Elettronico Capitolo di libro
KOHA link:https://koha.lib.tpu.ru/cgi-bin/koha/opac-detail.pl?biblionumber=606435

MARC

LEADER 00000naa2a2200000 4500
001 606435
005 20231101132413.0
035 |a (RuTPU)RU\TPU\conf\3814 
035 |a RU\TPU\conf\3813 
090 |a 606435 
100 |a 20140529d2013 k y0rusy50 ca 
101 0 |a rus  |g rus 
102 |a RU 
105 |a y z 100zy 
135 |a drcn ---uucaa 
181 0 |a i  
182 0 |a b 
200 1 |a Платежный баланс России в посткризисный период  |f В. Е. Тамбовцева  |g науч. рук. И. С. Соловенко 
203 |a Текст  |c электронный 
215 |a 1 файл(274 Кб) 
225 1 |a Экономика, менеджмент и маркетинг на предприятии 
230 |a Электронные текстовые данные (1 файл: 274 Кб) 
300 |a Заглавие с экрана 
320 |a [Библиогр.: с. 379 (6 назв.)] 
337 |a Adobe Reader 
463 1 |0 (RuTPU)RU\TPU\conf\2057  |t Прогрессивные технологии и экономика в машиностроении  |o сборник трудов IV Всероссийской научно-практической конференции с элементами научной школы для студентов и учащейся молодежи, 4-6 апреля 2013 года, Юрга  |f Национальный исследовательский Томский политехнический университет (ТПУ), Юргинский технологический институт (ЮТИ) ; отв. за вып. Д. А. Чинахов  |v [С. 376-379]  |d 2013 
610 1 |a электронный ресурс 
610 1 |a труды учёных ТПУ 
610 1 |a платежный баланс 
610 1 |a посткризисный период 
610 1 |a Россия 
700 1 |a Тамбовцева  |b В. Е. 
702 1 |a Соловенко  |b И. С.  |c историк, специалист в области экономики  |c доцент Юргинского технологического института (филиал) Томского политехнического университета  |f 1971-  |g Игорь Сергеевич  |2 stltpush  |4 727 
712 0 2 |a Национальный исследовательский Томский политехнический университет (ТПУ)  |b Юргинский технологический институт (филиал) (ЮТИ)  |b Кафедра экономики и автоматизации систем управления (ЭАСУ)  |h 360  |2 stltpush  |3 (RuTPU)RU\TPU\col\18900 
801 1 |a RU  |b 63413507  |c 20101016 
801 2 |a RU  |b 63413507  |c 20140529  |g RCR 
856 4 |u http://www.lib.tpu.ru/fulltext/c/2013/C57/171.pdf 
942 |c BK